00825nam a22002297a 450000500170000001000130001702000230003003500130005303700160006604000120008208200160009410000280011024500930013826000450023127000510027630000210032765000370034865000340038594200250041999900190044495201320046320170124110232.0 aA-574290 c200.00a8185480230 aA-574290 bCen Lib/Ret aDPLbEN a338.64bBHO aBhojwani, Ramesh941508 aProject estimates on small scale medium and large scale industries /cby Ramesh Bhojwani aDelhibSmall Industry Research Institute bDelhia4/43, Roop Nagar, Post Box-2106e110007 a206p. c22cm(Hb) aSmall scale industriesy 941509 aLarge scale industries941510 2ddccENh338.64mBHO c134704d134704 001040718REFaLbLd2015-07-31eCen Lib/Retg200.00l0o338.64 BHOpA-574290r2015-07-31 00:00:00t1v200.00w2015-07-31yEN